|
|
|
|
| LEADER |
00000nam0a2200000 4500 |
| 001 |
320977 |
| 005 |
20231102003329.0 |
| 035 |
|
|
|a (RuTPU)RU\TPU\book\346508
|
| 090 |
|
|
|a 320977
|
| 100 |
|
|
|a 20160802d1904 m y0rusy50 ca
|
| 101 |
0 |
|
|a rus
|c ger
|
| 102 |
|
|
|a RU
|
| 105 |
|
|
|a a j 001zy
|
| 200 |
1 |
|
|a Фахверковыя постройки. Потолочные перекрытия. Металлические лестницы
|e руководство для инженеров, архитекторов и студентов
|e пер. с нем.
|f М. Ферстер
|g под ред. Н. Н. Митинского ; пер. А. Н. Ефремова, В. С. Лаврова
|
| 210 |
|
|
|a Санкт-Петербург
|c Издание И. И. Базлова
|d 1904
|
| 215 |
|
|
|a 582 с.
|c ил.
|e Прилож.: 1 вкл. л. схем
|
| 225 |
1 |
|
|a Металлические конструкции гражданских сооружений
|v VII
|
| 320 |
|
|
|a Предм. указ.: с. 576-582
|
| 320 |
|
|
|9 572
|a Библиогр. в конце гл.
|
| 606 |
1 |
|
|a Перекрытия
|2 stltpush
|3 (RuTPU)RU\TPU\subj\48549
|9 67404
|
| 606 |
1 |
|
|a Лестницы
|2 stltpush
|3 (RuTPU)RU\TPU\subj\40058
|9 59933
|
| 610 |
1 |
|
|a строительство
|
| 610 |
1 |
|
|a жилищное строительство
|
| 610 |
1 |
|
|a постройки
|
| 610 |
1 |
|
|a дома
|
| 610 |
1 |
|
|a металлические конструкции
|
| 610 |
1 |
|
|a металлические резервуары
|
| 610 |
1 |
|
|a газгольдеры
|
| 610 |
1 |
|
|a междуэтажные перекрытия
|
| 610 |
1 |
|
|a руководства
|
| 675 |
|
|
|a 692.5(07)
|v 4
|
| 675 |
|
|
|a 692.6(07)
|v 4
|
| 700 |
|
1 |
|a Ферстер
|b М.
|
| 702 |
|
1 |
|a Митинский
|b Н. Н.
|4 340
|
| 702 |
|
1 |
|a Ефремов
|b А. Н.
|4 730
|
| 702 |
|
1 |
|a Лавров
|b В. С.
|4 730
|
| 801 |
|
1 |
|a RU
|b 63413507
|c 20160802
|
| 801 |
|
2 |
|a RU
|b 63413507
|c 20200622
|g RCR
|
| 942 |
|
|
|c BK
|